Bewältigung von HIV-Infektion und AIDS-Erkrankung: eine Metaanalyse

Saved in:
Bibliographic Details
Main Authors: Zimmermann, Thomas (Author) , Laszig, Parfen (Author) , Gramatikov, Lily (Author) , Clement, Ulrich (Author)
Format: Chapter/Article Conference Paper
Language:German
Published: 1997
In: Beiträge zur angewandten Psychologie
Year: 1997, Pages: 394-396
Online Access: Get full text
Author Notes:Th. Zimmermann, P. Laszig, L. Gramatikov, U. Clement

MARC

LEADER 00000caa a22000002c 4500
001 1751083209
003 DE-627
005 20220819132954.0
007 tu
008 210311s1997 xx ||||| 00| ||ger c
035 |a (DE-627)1751083209 
035 |a (DE-599)KXP1751083209 
035 |a (OCoLC)1341398414 
040 |a DE-627  |b ger  |c DE-627  |e rda 
041 |a ger 
084 |a 11  |2 sdnb 
100 1 |a Zimmermann, Thomas  |d 1964-  |e VerfasserIn  |0 (DE-588)122525167  |0 (DE-627)081995687  |0 (DE-576)293307970  |4 aut 
245 1 0 |a Bewältigung von HIV-Infektion und AIDS-Erkrankung  |b eine Metaanalyse  |c Th. Zimmermann, P. Laszig, L. Gramatikov, U. Clement 
264 1 |c 1997 
300 |a 3 
336 |a Text  |b txt  |2 rdacontent 
337 |a ohne Hilfsmittel zu benutzen  |b n  |2 rdamedia 
338 |a Band  |b nc  |2 rdacarrier 
700 1 |a Laszig, Parfen  |d 1963-  |e VerfasserIn  |0 (DE-588)122667638  |0 (DE-627)082079633  |0 (DE-576)173289797  |4 aut 
700 1 |a Gramatikov, Lily  |d 1964-  |e VerfasserIn  |0 (DE-588)123242487  |0 (DE-627)706223675  |0 (DE-576)29361881X  |4 aut 
700 1 |a Clement, Ulrich  |d 1950-  |e VerfasserIn  |0 (DE-588)110662377  |0 (DE-627)394191110  |0 (DE-576)164087559  |4 aut 
773 0 8 |i Enthalten in  |t Beiträge zur angewandten Psychologie  |d Bonn : Dt. Psychologen-Verl., 1997  |g (1997), Seite 394-396  |h 788 S.  |w (DE-627)280174128  |w (DE-576)061705969  |z 3931589102  |7 nnam  |a Bewältigung von HIV-Infektion und AIDS-Erkrankung eine Metaanalyse 
773 1 8 |g year:1997  |g pages:394-396  |g extent:3  |a Bewältigung von HIV-Infektion und AIDS-Erkrankung eine Metaanalyse 
951 |a AR 
992 |a 20210311 
993 |a ConferencePaper 
994 |a 1997 
998 |g 110662377  |a Clement, Ulrich  |m 110662377:Clement, Ulrich  |d 50000  |e 50000PC110662377  |k 0/50000/  |p 4  |y j 
998 |g 122667638  |a Laszig, Parfen  |m 122667638:Laszig, Parfen  |d 910000  |d 910700  |e 910000PL122667638  |e 910700PL122667638  |k 0/910000/  |k 1/910000/910700/  |p 2 
999 |a KXP-PPN1751083209  |e 3884696599 
BIB |a Y 
JSO |a {"id":{"eki":["1751083209"]},"physDesc":[{"extent":"3 S."}],"title":[{"title_sort":"Bewältigung von HIV-Infektion und AIDS-Erkrankung","subtitle":"eine Metaanalyse","title":"Bewältigung von HIV-Infektion und AIDS-Erkrankung"}],"name":{"displayForm":["Th. Zimmermann, P. Laszig, L. Gramatikov, U. Clement"]},"person":[{"family":"Zimmermann","given":"Thomas","role":"aut","display":"Zimmermann, Thomas"},{"display":"Laszig, Parfen","role":"aut","family":"Laszig","given":"Parfen"},{"role":"aut","display":"Gramatikov, Lily","family":"Gramatikov","given":"Lily"},{"family":"Clement","given":"Ulrich","display":"Clement, Ulrich","role":"aut"}],"origin":[{"dateIssuedDisp":"1997","dateIssuedKey":"1997"}],"type":{"bibl":"chapter"},"recId":"1751083209","language":["ger"],"relHost":[{"id":{"eki":["280174128"],"isbn":["3931589102"]},"disp":"Bewältigung von HIV-Infektion und AIDS-Erkrankung eine MetaanalyseBeiträge zur angewandten Psychologie","corporate":[{"display":"Berufsverband Deutscher Psychologinnen und Psychologen","role":"oth"},{"role":"oth","display":"Deutscher Psychologentag (4, 1997, Würzburg)"},{"role":"oth","display":"Kongreß für Angewandte Psychologie (19, 1997, Würzburg)"}],"titleAlt":[{"title":"Gesellschaft im Wandel"},{"title":"Gesellschaft im Wandel"}],"note":["Literaturangaben"],"recId":"280174128","type":{"bibl":"edited-book"},"origin":[{"dateIssuedDisp":"1997","dateIssuedKey":"1997","publisher":"Dt. Psychologen-Verl.","publisherPlace":"Bonn"}],"name":{"displayForm":["4. Deutscher Psychologentag des Berufsverbandes Deutscher Psychologinnen und Psychologen (BDP e.V.) in Würzburg 1997. Hrsg. von Gertraud Richardt ..."]},"title":[{"title":"Beiträge zur angewandten Psychologie","title_sort":"Beiträge zur angewandten Psychologie"}],"physDesc":[{"extent":"788 S.","noteIll":"graph. Darst."}],"language":["ger"],"person":[{"role":"edt","display":"Richardt, Gertraud","family":"Richardt","given":"Gertraud"}],"part":{"extent":"3","year":"1997","text":"(1997), Seite 394-396","pages":"394-396"}}]} 
SRT |a ZIMMERMANNBEWAELTIGU1997